| 000 | 01118nac a22003135a 4500 | ||
|---|---|---|---|
| 006 | a||||fr|||| 00| 0 | ||
| 008 | 110704t xxu||||| |||| 00| 0 eng d | ||
| 010 | _a2003070638 | ||
| 020 | _a0071111638 | ||
| 020 | _a9780071111638 | ||
| 040 |
_aEG-ScBUE _beng _cEG-ScBUE |
||
| 082 | 0 | 4 |
_a658.3 _bMCS _222 |
| 100 | 1 |
_aMcShane, Steven Lattim _926111 |
|
| 245 | 1 | 0 |
_aOrganizational Behavior / _cSteven L. McShane, Mary Ann Von Glinow. |
| 250 | _a3rd ed. | ||
| 260 |
_aBoston : _bMcGraw-Hill Irwin, _cc.2005. |
||
| 300 |
_axxxii, 688 p. : _bill. ; _c27 cm. + _e1 CD-ROM (4 3/4 in.) |
||
| 500 | _aIndexes : p. 658-687. | ||
| 500 | _aAppendix. | ||
| 504 | _aInclude bibliographical references | ||
| 590 | _aMenna Elemam | ||
| 650 | 0 |
_aOrganizational behavior. _926112 _2BUEsh |
|
| 650 | 0 |
_aPacific Area _2BUEsh |
|
| 651 | _2BUEsh | ||
| 700 | 1 |
_aVon Glinow, Mary Ann Young, _d1949- _926113 |
|
| 856 | 4 | 2 |
_3Publisher description _uhttp://www.loc.gov/catdir/description/mh051/2003070638.html |
| 856 | 4 | 2 |
_3Table of contents _uhttp://www.loc.gov/catdir/toc/mh041/2003070638.html |
| 942 |
_cBB _k658.3 MCS _2ddc |
||
| 999 |
_c1488 _d1488 |
||